000 00325nam a2200133Ia 4500
008 240624s9999 xx 000 0 und d
041 _aeng
082 _a823 LEO
100 _aLEONARD PETER
245 _aVOICES OF THE DEAD
260 _c2011
_aNew Delhi
_bFaber and Faber
300 _a323 : p. : cm. ; 20
365 _cRS
_b25
999 _c20026
_d20026